|
|
|
|
| LEADER |
00000cam a22000007a 4500 |
| 001 |
4565 |
| 003 |
CZ-ZlUTB |
| 005 |
20190825231822.0 |
| 008 |
980923s1998 xr |||||r|||||||||||cze|d |
| 020 |
|
|
|a 8085780984
|
| 040 |
|
|
|a ZLD002
|b cze
|c ZLD002
|d ZLD002
|
| 080 |
|
|
|a 339.923
|2 v
|
| 080 |
|
|
|a 574
|2 v
|
| 080 |
|
|
|a 628.3
|2 v
|
| 080 |
|
|
|a 628.4
|2 v
|
| 080 |
|
|
|a 628.5
|2 v
|
| 100 |
1 |
|
|a Kočíková, Pavla,
|d 1943-
|7 jo20010083073
|4 aut
|
| 245 |
1 |
0 |
|a Evropská unie a životní prostředí :
|b politiky, strategie, legislativa /
|c Pavla Kočíková
|
| 260 |
|
|
|a Ostrava :
|b Montanex,
|c 1998
|
| 300 |
|
|
|a 182 s.
|
| 650 |
0 |
4 |
|a EVROPSKÁ UNIE
|
| 650 |
0 |
7 |
|a ekologie
|7 ph114418
|2 czenas
|
| 650 |
0 |
4 |
|a legislativa
|
| 910 |
|
|
|a ZLD002
|
| 952 |
|
|
|0 0
|1 0
|4 0
|6 628KOČÍKOVÁP
|7 0
|8 BOOK
|9 7449
|a UTBZL
|b UTBZL
|c 030
|d 2006-07-29
|i 68037
|l 0
|o 628/KOČÍKOVÁ,P.
|p 420010068037
|r 2019-08-25 00:00:00
|v 188.00
|w 2019-08-25
|x 20100831
|y 05
|
| 952 |
|
|
|0 0
|1 0
|4 0
|6 628KOČÍKOVÁP
|7 0
|8 BOOK
|9 7450
|a UTBZL
|b UTBZL
|c 010
|d 2006-07-29
|i 67650
|l 0
|o 628/KOČÍKOVÁ,P.
|p 420010067650
|q 2099-12-31
|r 2019-08-25 00:00:00
|v 188.00
|w 2019-08-25
|x 20100430
|y 08
|
| 952 |
|
|
|0 0
|1 0
|4 0
|6 628KOČÍKOVÁP
|7 0
|8 BOOK
|9 7451
|a UTBZL
|b UTBZL
|c 030
|d 2006-07-29
|l 0
|o 628/KOČÍKOVÁ,P.
|p 420010077991
|r 2022-01-26 00:00:00
|v 188.00
|w 2019-08-25
|x N:nákup | 20100430, Převod FaME: Josef Kubík, 26.1.2022
|y 05
|
| 992 |
|
|
|a BK
|b SK
|
| 999 |
|
|
|c 4565
|d 4565
|